000 00490cam a2200193ua 4500
041 _aeng
_h
082 _a621.9
_bBUR/MA
100 _aBurghardt, Henry D .
245 _aMachine tool operation /
_cHenry D Burghardt.
_hTextual Documents
250 _a10 /
_b.
260 _aNew York :
_bMc Graw Hill Book Company ,
_c1954.
300 _a681 ; .
362 0 _aPart 2-
504 _a
700 1 _aAnderson, James .
700 1 _aAxelord, Aaron.
942 _cBK
999 _c518
_d518